<?xml version="1.0" encoding="UTF-8"?>
<record
    xmlns:xsi="http://www.w3.org/2001/XMLSchema-instance"
    xsi:schemaLocation="http://www.loc.gov/MARC21/slim http://www.loc.gov/standards/marcxml/schema/MARC21slim.xsd"
    xmlns="http://www.loc.gov/MARC21/slim">

  <leader>00875nam a22002177a 4500</leader>
  <controlfield tag="003">UA-OsUOA</controlfield>
  <controlfield tag="001"> 89197 </controlfield>
  <controlfield tag="007">ta</controlfield>
  <controlfield tag="008">20121102b un ||||| |||| 00| 0 ukr d</controlfield>
  <datafield tag="100" ind1=" " ind2=" ">
    <subfield code="a">&#x420;&#x435;&#x448;&#x435;&#x442;&#x438;&#x43B;&#x43E;&#x432;&#x430; &#x41E;.</subfield>
  </datafield>
  <datafield tag="090" ind1=" " ind2=" ">
    <subfield code="a">908</subfield>
    <subfield code="b">&#x420;47</subfield>
  </datafield>
  <datafield tag="942" ind1=" " ind2=" ">
    <subfield code="c">SA</subfield>
  </datafield>
  <datafield tag="040" ind1=" " ind2=" ">
    <subfield code="a">UA-OsUOA</subfield>
    <subfield code="b">ukr</subfield>
    <subfield code="c">UA-OsUOA</subfield>
    <subfield code="d">UA-OsUOA</subfield>
  </datafield>
  <datafield tag="245" ind1=" " ind2=" ">
    <subfield code="a">"&#x423;&#x43A;&#x440;&#x430;&#x457;&#x43D;&#x446;&#x456;, &#x444;&#x43E;&#x440;&#x43C;&#x430;&#x43B;&#x44C;&#x43D;&#x43E; &#x431;&#x443;&#x434;&#x443;&#x447;&#x438; &#x441;&#x43F;&#x456;&#x432;&#x433;&#x440;&#x43E;&#x43C;&#x430;&#x434;&#x44F;&#x43D;&#x430;&#x43C;&#x438;, &#x443; &#x441;&#x432;&#x43E;&#x457;&#x445; &#x443;&#x44F;&#x432;&#x43B;&#x435;&#x43D;&#x44F;&#x445; &#x436;&#x438;&#x432;&#x443;&#x442;&#x44C; &#x443; &#x440;&#x456;&#x437;&#x43D;&#x438;&#x445; &#x434;&#x435;&#x440;&#x436;&#x430;&#x432;&#x430;&#x445;". &#x406;&#x433;&#x43E;&#x440; &#x41F;&#x430;&#x441;&#x456;&#x447;&#x43D;&#x438;&#x43A; - &#x43F;&#x440;&#x43E; &#x442;&#x435;, &#x44F;&#x43A; &#x43F;&#x43E;&#x432;&#x435;&#x440;&#x43D;&#x443;&#x442;&#x438; &#x430;&#x431;&#x456;&#x442;&#x443;&#x440;&#x456;&#x454;&#x43D;&#x442;&#x430; &#x434;&#x43E; &#x443;&#x43A;&#x440;&#x430;&#x457;&#x43D;&#x441;&#x44C;&#x43A;&#x438;&#x445; &#x432;&#x438;&#x448;&#x456;&#x432; &#x456; &#x434;&#x43E;&#x441;&#x44F;&#x433;&#x442;&#x438; "&#x441;&#x432;&#x44F;&#x442;&#x43E;&#x433;&#x43E; &#x441;&#x43F;&#x43E;&#x43A;&#x43E;&#x44E;" &#x43F;&#x456;&#x434; &#x447;&#x430;&#x441; &#x43F;&#x435;&#x440;&#x435;&#x434;&#x432;&#x438;&#x431;&#x43E;&#x440;&#x447;&#x43E;&#x457; &#x43A;&#x430;&#x43C;&#x43F;&#x430;&#x43D;&#x456;&#x457;</subfield>
  </datafield>
  <datafield tag="300" ind1=" " ind2=" ">
    <subfield code="a">&#x421;.6</subfield>
  </datafield>
  <datafield tag="955" ind1=" " ind2=" ">
    <subfield code="a">0</subfield>
  </datafield>
  <datafield tag="041" ind1=" " ind2=" ">
    <subfield code="a">ukr</subfield>
  </datafield>
  <datafield tag="080" ind1=" " ind2=" ">
    <subfield code="a">908</subfield>
  </datafield>
  <datafield tag="773" ind1="0" ind2=" ">
    <subfield code="w">89196</subfield>
  </datafield>
  <datafield tag="650" ind1=" " ind2="7">
    <subfield code="a">908 &#x41A;&#x440;&#x430;&#x454;&#x437;&#x43D;&#x430;&#x432;&#x441;&#x442;&#x432;&#x43E;</subfield>
    <subfield code="2">UDC</subfield>
  </datafield>
  <datafield tag="999" ind1=" " ind2=" ">
    <subfield code="c">375476</subfield>
    <subfield code="d">375476</subfield>
  </datafield>
</record>
